[Event "Mittelfrank Regionalliga Nord-Ost 2122"]
[Site "Mittelfranken"]
[Date "2021.10.24"]
[Round "1.4"]
[White "Hofmann, Tim"]
[Black "Muskat, Gunter"]
[Result "1/2-1/2"]
[WhiteElo "1776"]
[BlackElo "1909"]
[PlyCount "69"]
[EventDate "2021.10.24"]
[EventType "team-tourn"]
[EventRounds "9"]
[EventCountry "GER"]
[SourceTitle "EXT 2024"]
[Source "ChessBase"]
[SourceDate "2023.10.10"]
[SourceVersion "1"]
[SourceVersionDate "2023.10.10"]
[SourceQuality "1"]
[WhiteTeam "Nuernberg Sued SW II"]
[BlackTeam "Buechenbach/Roth"]
[WhiteTeamCountry "GER"]
[BlackTeamCountry "GER"]

1. e4 e5 2. Nf3 Nc6 3. Bc4 Bc5 4. 0-0 Nf6 5. d3 d6 6. a4 a6 7. Bg5 h6 8. Bh4 g5 9. Bg3 Bg4 10. Nbd2 Qd7 11. c3 Ba7 12. b4 0-0 13. Re1 Kg7 14. Nf1 Nh5 15. h3 Nxg3 16. Nxg3 Be6 17. Qd2 Kg6 18. Rad1 Qe7 19. Nh2 Bxc4 20. dxc4 Qe6 21. Qe2 Ne7 22. Qg4 Qxg4 23. hxg4 a5 24. b5 Bc5 25. Nhf1 Nc8 26. Ne3 Bxe3 27. Rxe3 Nb6 28. Nf5 Nxa4 29. Rh3 Rh8 30. Ne7+ Kg7 31. Nd5 Rhc8 32. Ne7 Rh8 33. Nd5 Rhc8 34. Ne7 Rh8 35. Nd5 1/2-1/2

[Event "Regionalliga Nord-Ost 1819"]
[Site "Bayern"]
[Date "2018.11.25"]
[Round "3.6"]
[White "Hanisch, Friedrich"]
[Black "Muskat, Gunter"]
[Result "1/2-1/2"]
[WhiteElo "2037"]
[BlackElo "1913"]
[PlyCount "69"]
[EventDate "2018.10.21"]
[EventType "team-tourn"]
[EventRounds "9"]
[EventCountry "GER"]
[SourceTitle "EXT 2022"]
[Source "ChessBase"]
[SourceDate "2021.10.06"]
[SourceVersion "1"]
[SourceVersionDate "2021.10.06"]
[SourceQuality "1"]
[WhiteTeam "Altensittenbach"]
[BlackTeam "Buechenbach/Roth"]
[WhiteTeamCountry "GER"]
[BlackTeamCountry "GER"]

1. Nf3 d5 2. g3 Nf6 3. Bg2 e6 4. d4 Nbd7 5. 0-0 Be7 6. Bf4 0-0 7. c4 dxc4 8. Na3 Bxa3 9. bxa3 c5 10. Bd6 Re8 11. dxc5 Ne4 12. Qd4 Nxd6 13. cxd6 Nb6 14. Rfd1 Bd7 15. Ne5 f6 16. Nf3 e5 17. Qc3 Be6 18. Ne1 Qd7 19. Qb4 Rab8 20. Rac1 Red8 21. Nc2 Qa4 22. Ne3 Qxb4 23. axb4 Rd7 24. Nd5 Nxd5 25. Bxd5 Bxd5 26. Rxd5 b5 27. a4 a6 28. axb5 axb5 29. Ra1 Rb6 30. Ra5 Rdxd6 31. Rdxb5 Rxb5 32. Rxb5 Rc6 33. Rd5 c3 34. Rd1 Rb6 35. Rc1 1/2-1/2

[Event "Bamberg op 1st"]
[Site "Bamberg"]
[Date "2018.05.09"]
[Round "1"]
[White "Donchenko, Anatoly G"]
[Black "Muskat, Gunter"]
[Result "1-0"]
[WhiteElo "2301"]
[BlackElo "2015"]
[PlyCount "52"]
[EventDate "2018.05.09"]
[EventType "swiss"]
[EventRounds "7"]
[EventCountry "GER"]
[SourceTitle "CBM 184 Extra"]
[Source "ChessBase"]
[SourceDate "2018.06.28"]
[SourceVersion "1"]
[SourceVersionDate "2018.06.28"]
[SourceQuality "1"]

1. d4 d5 2. c4 e6 3. Nf3 Nf6 4. g3 dxc4 5. Bg2 Bd7 6. Ne5 Bc6 7. Nxc6 Nxc6 8. Qa4 Bb4+ 9. Bd2 Bxd2+ 10. Nxd2 Nd5 11. Qxc4 0-0 12. e3 Nce7 13. 0-0 Rc8 14. b4 c6 15. Nb3 Qd6 16. a3 e5 17. Rfd1 exd4 18. Qxd4 Qb8 19. Nc5 Rfd8 20. Bh3 Nf6 21. Qf4 Rxd1+ 22. Rxd1 Re8 23. Qxb8 Rxb8 24. Nxb7 Nfd5 25. Na5 Kf8 26. Rc1 Ra8 1-0

[Event "Regionalliga Nord-Ost 1718"]
[Site "Bayern"]
[Date "2018.02.04"]
[Round "6.6"]
[White "Muskat, Gunter"]
[Black "Hanisch, Friedrich"]
[Result "0-1"]
[WhiteElo "1986"]
[BlackElo "1982"]
[PlyCount "140"]
[EventDate "2017.10.22"]
[EventType "team-tourn"]
[EventRounds "9"]
[EventCountry "GER"]
[SourceTitle "EXT 2022"]
[Source "ChessBase"]
[SourceDate "2021.10.06"]
[SourceVersion "1"]
[SourceVersionDate "2021.10.06"]
[SourceQuality "1"]
[WhiteTeam "Buechenbach/Roth"]
[BlackTeam "Altensittenbach"]
[WhiteTeamCountry "GER"]
[BlackTeamCountry "GER"]

1. c4 e5 2. g3 Nf6 3. Bg2 d5 4. cxd5 Nxd5 5. Nf3 Nc6 6. 0-0 Be7 7. Nc3 Nb6 8. d3 0-0 9. a3 Be6 10. b4 f5 11. Bb2 a6 12. Rc1 Qd7 13. Nd2 Rad8 14. Nb3 Nd5 15. Nxd5 Bxd5 16. Nc5 Bxc5 17. Bxd5+ Qxd5 18. Rxc5 Qe6 19. Qa1 Rfe8 20. f4 exf4 21. Rxf4 g6 22. Bh8 Rd7 23. e4 fxe4 24. Rxe4 Qf7 25. Rd5 Rde7 26. Rxe7 Rxe7 27. Rc5 Re2 28. Qf6 Qxf6 29. Bxf6 Kf7 30. Bh8 Re3 31. b5 axb5 32. Rxb5 Ke7 33. Rb3 Ke8 34. Kf2 Re6 35. d4 Rd6 36. Ke3 Kd7 37. Rb1 Re6+ 38. Kf4 Re8 39. Bg7 Re7 40. Bh8 Rf7+ 41. Ke3 Na5 42. Rc1 c6 43. Rc3 b5 44. Ke4 Nc4 45. Be5 Rf2 46. a4 Rxh2 47. axb5 cxb5 48. Kd5 Nxe5 49. Kxe5 Rh5+ 50. Ke4 b4 51. Rb3 Rb5 52. Kd3 h5 53. Kc4 Rb8 54. Kd5 g5 55. Kc4 Kd6 56. d5 Rb7 57. Kd4 Rb5 58. Kc4 Rxd5 59. Rxb4 Ke5 60. Rb8 Rd4+ 61. Kc3 Rg4 62. Re8+ Kf5 63. Rf8+ Ke4 64. Re8+ Kf3 65. Rh8 Rxg3 66. Kd2 Rg2+ 67. Ke1 Rg1+ 68. Kd2 h4 69. Rf8+ Kg3 70. Ke2 g4 0-1

[Event "Gibraltar Challengers-B"]
[Site "Caleta"]
[Date "2018.01.29"]
[Round "3"]
[White "Muskat, Gunter"]
[Black "Tuerk, Philipp"]
[Result "1/2-1/2"]
[WhiteElo "2013"]
[BlackElo "2150"]
[PlyCount "28"]
[EventDate "2018.01.27"]
[EventType "swiss"]
[EventRounds "5"]
[EventCountry "GGB"]
[SourceTitle "EXT 2019"]
[Source "ChessBase"]
[SourceDate "2018.10.10"]
[SourceVersion "1"]
[SourceVersionDate "2018.10.10"]
[SourceQuality "1"]

1. c4 e5 2. g3 Nc6 3. Bg2 f5 4. Nc3 Nf6 5. d3 Bb4 6. e3 0-0 7. Nge2 d6 8. 0-0 Be6 9. Nd5 Bxd5 10. cxd5 Ne7 11. a3 Ba5 12. b4 Bb6 13. Nc3 Qe8 14. Bb2 Qd8 1/2-1/2

[Event "Gibraltar Challengers-B"]
[Site "Caleta"]
[Date "2018.01.27"]
[Round "1"]
[White "Muskat, Gunter"]
[Black "Bendayan Claros, Aaron Arturo"]
[Result "1-0"]
[WhiteElo "2013"]
[BlackElo "2191"]
[PlyCount "111"]
[EventDate "2018.01.27"]
[EventType "swiss"]
[EventRounds "5"]
[EventCountry "GGB"]
[SourceTitle "EXT 2019"]
[Source "ChessBase"]
[SourceDate "2018.10.10"]
[SourceVersion "1"]
[SourceVersionDate "2018.10.10"]
[SourceQuality "1"]

1. c4 Nf6 2. g3 e6 3. Bg2 d5 4. Nf3 d4 5. 0-0 c5 6. b4 cxb4 7. Bb2 Bc5 8. d3 0-0 9. Nbd2 Nc6 10. Nb3 Qd6 11. Nxc5 Qxc5 12. a3 Rd8 13. Qb3 a5 14. axb4 Nxb4 15. Ba3 Ra6 16. Rab1 Rb6 17. Ne1 Qe5 18. Qd1 Bd7 19. Qd2 Bc6 20. Bxc6 bxc6 21. Bxb4 axb4 22. Rxb4 Rxb4 23. Qxb4 c5 24. Qd2 h6 25. Nf3 Qf5 26. Rb1 e5 27. Rb5 e4 28. dxe4 Nxe4 29. Qf4 Qxf4 30. gxf4 Nc3 31. Rb2 Re8 32. Kf1 Re4 33. Ne5 Rxf4 34. Nd7 g5 35. Rb8+ Kg7 36. Nxc5 Rf5 37. Nd3 Ra5 38. Rb2 Ne4 39. Kg2 Ra6 40. Kf3 Nf6 41. c5 Rc6 42. Rb6 Rc7 43. c6 Nd5 44. Ra6 Ne7 45. Nb4 f5 46. e4 dxe3 47. Kxe3 Kf6 48. Kd4 Ke6 49. Kc5 Ke5 50. Kb6 Rc8 51. Kb7 Rh8 52. c7 Kf4 53. Ra3 g4 54. Rd3 Nc8 55. Rd8 Nd6+ 56. Rxd6 1-0

[Event "Regionalliga NO 1617"]
[Site "Bayern"]
[Date "2017.02.19"]
[Round "6.8"]
[White "Muskat, Gunter"]
[Black "Unterkircher, Michael"]
[Result "0-1"]
[WhiteElo "1955"]
[BlackElo "1864"]
[PlyCount "48"]
[EventDate "2016.10.16"]
[EventType "team-tourn"]
[EventRounds "9"]
[EventCountry "GER"]
[SourceTitle "EXT 2019"]
[Source "ChessBase"]
[SourceDate "2018.10.10"]
[SourceVersion "1"]
[SourceVersionDate "2018.10.10"]
[SourceQuality "1"]
[WhiteTeam "Buechenbach/Roth"]
[BlackTeam "Windischeschenbach"]
[WhiteTeamCountry "GER"]
[BlackTeamCountry "GER"]

1. c4 e5 2. g3 Nf6 3. Bg2 Bc5 4. e3 Nc6 5. Ne2 d6 6. 0-0 e4 7. Nbc3 Bf5 8. f3 exf3 9. Bxf3 Bd3 10. b3 Qd7 11. Bb2 0-0-0 12. Nd5 Nxd5 13. Bxd5 Ne5 14. Bxe5 dxe5 15. Rxf7 Qe8 16. Rf2 c6 17. Nc1 Bg6 18. Qg4+ Kb8 19. d4 exd4 20. exd4 Qe1+ 21. Kg2 cxd5 22. Nd3 Qe4+ 23. Qf3 Bxd4 24. Re1 Bxf2 0-1

[Event "Regionalliga NO 1617"]
[Site "Bayern"]
[Date "2017.01.15"]
[Round "4.8"]
[White "Muskat, Gunter"]
[Black "Abel, Peter"]
[Result "1/2-1/2"]
[WhiteElo "1955"]
[BlackElo "2173"]
[PlyCount "95"]
[EventDate "2016.10.16"]
[EventType "team-tourn"]
[EventRounds "9"]
[EventCountry "GER"]
[SourceTitle "EXT 2019"]
[Source "ChessBase"]
[SourceDate "2018.10.10"]
[SourceVersion "1"]
[SourceVersionDate "2018.10.10"]
[SourceQuality "1"]
[WhiteTeam "Buechenbach/Roth"]
[BlackTeam "Nuernberg Sued SW II"]
[WhiteTeamCountry "GER"]
[BlackTeamCountry "GER"]

1. c4 Nf6 2. g3 c5 3. Bg2 Nc6 4. Nc3 g6 5. d3 Bg7 6. e4 d6 7. Nge2 a6 8. h3 Rb8 9. f4 Bd7 10. 0-0 0-0 11. Rb1 b5 12. g4 Ne8 13. Nd5 Nc7 14. b3 a5 15. Be3 Nd4 16. Rc1 Nxe2+ 17. Qxe2 Ne6 18. f5 Nd4 19. Qf2 bxc4 20. dxc4 Nc6 21. f6 exf6 22. Nxf6+ Bxf6 23. Qxf6 Qxf6 24. Rxf6 Be6 25. Rd1 Rfd8 26. Rf2 a4 27. bxa4 Ne5 28. Bg5 Rd7 29. Bf1 Rb4 30. Bf6 Nxc4 31. Bxc4 Bxc4 32. Rfd2 Rb6 33. a5 Rc6 34. Rb2 Rc8 35. Rb6 Kf8 36. a3 d5 37. exd5 Rxd5 38. Rxd5 Bxd5 39. a6 Ke8 40. Rd6 Ba8 41. g5 c4 42. Bc3 Rc6 43. Rxc6 Bxc6 44. Kf2 Kd7 45. Ke3 Kc7 46. Ba5+ Kb8 47. Kd4 Ka7 48. Kxc4 1/2-1/2

[Event "Mittelfranken-chTB2b 1213"]
[Site "Germany"]
[Date "2013.01.27"]
[Round "1.3"]
[White "Traut, Gerhard"]
[Black "Muskat, Gunter"]
[Result "1-0"]
[WhiteElo "1786"]
[BlackElo "1876"]
[PlyCount "71"]
[EventDate "2012.10.07"]
[EventType "team-tourn"]
[EventRounds "9"]
[EventCountry "GER"]
[SourceTitle "EXT 2019"]
[Source "ChessBase"]
[SourceDate "2018.10.10"]
[SourceVersion "1"]
[SourceVersionDate "2018.10.10"]
[SourceQuality "1"]
[WhiteTeam "Uttenreuth"]
[BlackTeam "Buechenbach/Roth II"]
[WhiteTeamCountry "GER"]
[BlackTeamCountry "GER"]

1. e4 c5 2. Nf3 e6 3. d4 cxd4 4. Nxd4 a6 5. Be3 Qc7 6. c4 Nf6 7. f3 Bb4+ 8. Nd2 0-0 9. Be2 d5 10. cxd5 exd5 11. Rc1 Qe5 12. 0-0 dxe4 13. f4 Qe7 14. Qb3 Rd8 15. Rfd1 Ng4 16. Rxc8 Rxc8 17. Bxg4 Rd8 18. Nf5 Qf8 19. a3 Bxd2 20. Rxd2 Nd7 21. Rxd7 Rxd7 22. Nh6+ gxh6 23. Bxd7 Qd8 24. Bf5 Qe7 25. Qb6 Rd8 26. Qxh6 f6 27. Qh5 Rd3 28. Qe2 b5 29. Kf2 b4 30. Qc2 bxa3 31. Qc4+ Kg7 32. bxa3 Rxa3 33. Bxe4 Rxe3 34. Kxe3 f5 35. Qd4+ Kf7 36. Qd5+ 1-0

[Event "Mittelfranken-ch HT 56th"]
[Site "Postbauer"]
[Date "2007.04.05"]
[Round "6.17"]
[White "Lais, Thomas"]
[Black "Muskat, Gunter"]
[Result "1/2-1/2"]
[WhiteElo "1836"]
[BlackElo "1827"]
[PlyCount "34"]
[EventDate "2007.04.03"]
[EventType "swiss"]
[EventRounds "9"]
[EventCountry "GER"]
[SourceTitle "EXT 2011"]
[Source "ChessBase"]
[SourceDate "2010.11.26"]
[SourceVersion "1"]
[SourceVersionDate "2010.11.26"]
[SourceQuality "1"]

1. e4 c5 2. Nf3 e6 3. d4 cxd4 4. Nxd4 a6 5. Nc3 Qc7 6. Bd3 Nf6 7. 0-0 d6 8. Be3 Nbd7 9. f4 b5 10. a3 Bb7 11. Qf3 Be7 12. Rae1 Nb6 13. Qg3 g6 14. Nf3 Nbd7 15. Bd4 Rg8 16. e5 Nh5 17. Qg4 d5 1/2-1/2

[Event "Mittelfranken-ch HT 56th"]
[Site "Postbauer"]
[Date "2007.04.04"]
[Round "3.15"]
[White "Muskat, Gunter"]
[Black "Ahlich, Thomas"]
[Result "0-1"]
[WhiteElo "1827"]
[BlackElo "1899"]
[PlyCount "74"]
[EventDate "2007.04.03"]
[EventType "swiss"]
[EventRounds "9"]
[EventCountry "GER"]
[SourceTitle "EXT 2011"]
[Source "ChessBase"]
[SourceDate "2010.11.26"]
[SourceVersion "1"]
[SourceVersionDate "2010.11.26"]
[SourceQuality "1"]

1. c4 Nf6 2. g3 e6 3. Bg2 d5 4. Nf3 Be7 5. 0-0 0-0 6. Qc2 c5 7. d3 Nc6 8. a3 d4 9. Nbd2 e5 10. Re1 Qc7 11. Nf1 h6 12. Bd2 Be6 13. Rab1 a5 14. b3 b6 15. Rbd1 Rad8 16. Bc1 Ne8 17. Bb2 Bg4 18. h3 Bf5 19. g4 Bc8 20. Ng3 Nd6 21. e3 f5 22. exd4 exd4 23. Nh2 Bh4 24. Bd5+ Kh8 25. Re2 fxg4 26. hxg4 Nf7 27. Nf5 Bxf5 28. gxf5 Nd6 29. Re6 Rxf5 30. Nf3 Bg5 31. Bc1 Bxc1 32. Rxc1 Ne7 33. Be4 Nxe4 34. Rxe4 Rxf3 35. Qe2 Rf7 36. Re1 Ng8 37. Qh5 Nf6 0-1

[Event "Mittelfranken-ch HT 56th"]
[Site "Postbauer"]
[Date "2007.04.03"]
[Round "2.10"]
[White "Muskat, Gunter"]
[Black "Vogiatzis, Dimitrios"]
[Result "0-1"]
[WhiteElo "1827"]
[BlackElo "1966"]
[PlyCount "80"]
[EventDate "2007.04.03"]
[EventType "swiss"]
[EventRounds "9"]
[EventCountry "GER"]
[SourceTitle "EXT 2011"]
[Source "ChessBase"]
[SourceDate "2010.11.26"]
[SourceVersion "1"]
[SourceVersionDate "2010.11.26"]
[SourceQuality "1"]

1. c4 e5 2. g3 Nc6 3. Bg2 f5 4. Nc3 Nf6 5. e3 Be7 6. Nge2 0-0 7. 0-0 d6 8. Nd5 Ng4 9. h3 Nh6 10. b4 Bf6 11. Bb2 Kh8 12. f4 Ne7 13. fxe5 Bxe5 14. d4 Nxd5 15. cxd5 Bf6 16. Nf4 Qe7 17. Qb3 Re8 18. Rfe1 Bd7 19. Rac1 Rac8 20. e4 fxe4 21. Rxe4 Qf7 22. Rxe8+ Qxe8 23. Ne6 c6 24. g4 Nf7 25. Rc2 cxd5 26. Rxc8 Bxc8 27. Nf4 Qe1+ 28. Kh2 Bg5 29. Nd3 Qe2 30. Qc3 Be6 31. Qe1 Bf4+ 32. Kh1 Qxd3 33. Bc3 Qg3 34. Qxg3 Bxg3 35. a4 Ng5 36. b5 Ne4 37. Bxe4 dxe4 38. Kg2 Bh4 39. Bd2 Bd5 40. Be3 Be7 0-1

[Event "Nuremberg-ch op 06th"]
[Site "Nuremberg"]
[Date "2006.06.04"]
[Round "5.31"]
[White "Muskat, Gunter"]
[Black "Grasser, Stefan"]
[Result "1/2-1/2"]
[WhiteElo "1847"]
[BlackElo "1669"]
[PlyCount "52"]
[EventDate "2006.06.02"]
[EventType "swiss"]
[EventRounds "5"]
[EventCountry "GER"]
[SourceTitle "EXT 2007"]
[Source "ChessBase"]
[SourceDate "2006.11.23"]
[SourceVersion "1"]
[SourceVersionDate "2006.11.23"]
[SourceQuality "1"]

1. c4 Nf6 2. g3 c6 3. Bg2 d5 4. Nf3 dxc4 5. 0-0 Nbd7 6. Qc2 Nb6 7. a4 a5 8. Na3 g6 9. Nxc4 Bf5 10. d3 Bg7 11. Nxb6 Qxb6 12. Be3 Qc7 13. Nd4 Bd7 14. h3 0-0 15. Nb3 Qc8 16. Kh2 Nd5 17. Bd2 b6 18. d4 f5 19. f4 Ra7 20. e3 Qa6 21. Nc1 e6 22. Nd3 Qc8 23. Rfc1 Qe8 24. Qb3 Qb8 25. Rc2 Rc8 26. Rac1 Kh8 1/2-1/2

[Event "Nuremberg-ch op 06th"]
[Site "Nuremberg"]
[Date "2006.06.03"]
[Round "3.36"]
[White "Muskat, Gunter"]
[Black "Gude, Michael"]
[Result "1-0"]
[WhiteElo "1847"]
[BlackElo "1554"]
[PlyCount "87"]
[EventDate "2006.06.02"]
[EventType "swiss"]
[EventRounds "5"]
[EventCountry "GER"]
[SourceTitle "EXT 2007"]
[Source "ChessBase"]
[SourceDate "2006.11.23"]
[SourceVersion "1"]
[SourceVersionDate "2006.11.23"]
[SourceQuality "1"]

1. c4 e5 2. g3 Nf6 3. Bg2 Nc6 4. Nc3 Bb4 5. Nd5 Bc5 6. e3 0-0 7. a3 a6 8. b4 Ba7 9. Ne2 d6 10. 0-0 Be6 11. Bb2 Bxd5 12. cxd5 Ne7 13. Qb3 Qd7 14. f4 Ng6 15. Rac1 Bb6 16. h3 h6 17. f5 Ne7 18. g4 Rfe8 19. Ng3 Rab8 20. Kh1 Kh8 21. Bf3 Rg8 22. Rf2 g6 23. Ne4 Nxe4 24. Bxe4 g5 25. f6 Ng6 26. Qc4 Nh4 27. d4 Rge8 28. Qd3 Kg8 29. Bh7+ Kh8 30. Bf5 Nxf5 31. Rxf5 e4 32. Qf1 Kh7 33. Qg2 Kg6 34. Rcf1 Rbc8 35. R5f2 Ba7 36. Rc2 Bb6 37. Qg3 Ba7 38. Rh2 Bb6 39. Qg2 Ba7 40. h4 Bb6 41. hxg5 Kxg5 42. Rf5+ Kg6 43. Qh3 Rh8 44. Qh5+ 1-0

[Event "Mittelfranken-ch QT 55th"]
[Site "Postbauer"]
[Date "2006.04.13"]
[Round "4"]
[White "Schanz, Karlheinz"]
[Black "Muskat, Gunter"]
[Result "0-1"]
[WhiteElo "1818"]
[BlackElo "1855"]
[PlyCount "148"]
[EventDate "2006.04.12"]
[EventType "swiss"]
[EventRounds "7"]
[EventCountry "GER"]
[SourceTitle "EXT 2015"]
[Source "ChessBase"]
[SourceDate "2014.11.20"]
[SourceVersion "1"]
[SourceVersionDate "2014.11.20"]
[SourceQuality "1"]

1. e4 c5 2. Nf3 e6 3. c4 a6 4. Nc3 d6 5. d3 Nd7 6. g3 g6 7. Be3 Bg7 8. Qd2 Rb8 9. a4 Ngf6 10. h3 b6 11. Bg2 Bb7 12. 0-0 Qc7 13. Bh6 0-0 14. Bxg7 Kxg7 15. Rae1 Bc6 16. Re2 Rfd8 17. Qc1 Qb7 18. Ne1 Re8 19. f4 Nh5 20. Kh2 f5 21. Rff2 Qc7 22. Re3 Nhf6 23. Rfe2 fxe4 24. dxe4 e5 25. Nd3 b5 26. axb5 axb5 27. cxb5 Bxb5 28. Nxb5 Rxb5 29. fxe5 Nxe5 30. Nxe5 Rxe5 31. Rf2 Re7 32. Qc3 Rf7 33. Ref3 Qe7 34. g4 g5 35. Rf5 Kg6 36. e5 dxe5 37. Rxe5 Qd6 38. Rd2 Qb8 39. Kh1 h6 40. Rxc5 Rxc5 41. Qxc5 Rc7 42. Qf5+ Kg7 43. Rc2 Re7 44. Qf2 Qb4 45. Re2 Rf7 46. Qe1 Qd6 47. Re6 Qd4 48. Qc3 Qd7 49. Re1 Kg8 50. Rc1 Qd6 51. Qc2 Kg7 52. Rd1 Qb4 53. Qc3 Qb6 54. b4 Qb5 55. Bf1 Qb7+ 56. Kg1 Rc7 57. Qb2 Qf3 58. Rd3 Qf4 59. Qd4 Qc1 60. Rd1 Qc6 61. b5 Qe6 62. Qb2 Qe3+ 63. Kh1 Qf3+ 64. Bg2 Qxd1+ 65. Kh2 Qd6+ 66. Kh1 Qb6 67. Qe5 Rc1+ 68. Kh2 Qg1+ 69. Kg3 Qe1+ 70. Qxe1 Rxe1 71. Kf2 Rb1 72. Bc6 Kf7 73. Ke3 Ke7 74. Kd4 Kd6 0-1

[Event "Mittelfranken-ch QT 55th"]
[Site "Postbauer"]
[Date "2006.04.12"]
[Round "1"]
[White "Muskat, Gunter"]
[Black "Nerreter, Bernd"]
[Result "1-0"]
[WhiteElo "1855"]
[BlackElo "1434"]
[PlyCount "66"]
[EventDate "2006.04.12"]
[EventType "swiss"]
[EventRounds "7"]
[EventCountry "GER"]
[SourceTitle "EXT 2015"]
[Source "ChessBase"]
[SourceDate "2014.11.20"]
[SourceVersion "1"]
[SourceVersionDate "2014.11.20"]
[SourceQuality "1"]

1. c4 Nf6 2. g3 g6 3. Bg2 Bg7 4. Nc3 0-0 5. e4 d6 6. Nge2 e5 7. 0-0 Nbd7 8. d3 c6 9. h3 a6 10. a4 h6 11. Be3 Kh7 12. Qd2 Ng8 13. h4 Ndf6 14. f4 exf4 15. Nxf4 Be6 16. Rae1 Rb8 17. a5 Nd7 18. Na4 Qe7 19. g4 g5 20. Nh5 Ndf6 21. Nxg7 Kxg7 22. e5 Ne8 23. Bd4 f6 24. exd6 Nxd6 25. Re2 Qf7 26. Nc5 Rfe8 27. Rff2 Bd7 28. Be5 Nxc4 29. dxc4 Rxe5 30. Rxe5 Re8 31. Rxe8 Bxe8 32. Qd8 Qxc4 33. Qxe8 Qxc5 1-0

[Event "Mittelfranken-chT 0405"]
[Site "Germany"]
[Date "2005.04.17"]
[Round "9.1"]
[White "Muskat, Gunter"]
[Black "Hoermann, Gunther"]
[Result "0-1"]
[WhiteElo "1886"]
[BlackElo "2117"]
[PlyCount "112"]
[EventDate "2004.10.17"]
[EventType "team"]
[EventRounds "9"]
[EventCountry "GER"]
[SourceTitle "EXT 2007"]
[Source "ChessBase"]
[SourceDate "2006.11.23"]
[SourceVersion "1"]
[SourceVersionDate "2006.11.23"]
[SourceQuality "1"]

1. c4 e5 2. g3 Nc6 3. Bg2 g6 4. Nc3 Bg7 5. e4 d6 6. Nge2 Be6 7. d3 Qd7 8. 0-0 h5 9. h4 Nce7 10. b4 c6 11. Qa4 Nh6 12. Rd1 a6 13. c5 d5 14. d4 exd4 15. Nxd4 Bg4 16. f3 dxe4 17. Nde2 Qxd1+ 18. Qxd1 exf3 19. Bxf3 Bxf3 20. Bb2 Nhf5 21. Qc1 0-0 22. Kf2 Bg4 23. Qc2 Rad8 24. Ne4 Bxe2 25. Qxe2 Nd4 26. Qc4 Nef5 27. Rd1 Rfe8 28. Ng5 Rd5 29. Rd2 Ne3 30. Qc1 Rf5+ 31. Kg1 Rf1+ 32. Qxf1 Nxf1 33. Kxf1 Nf5 34. Kf2 Bxb2 35. Rxb2 f6 36. Nf3 Rd8 37. Re2 Kf7 38. Rd2 Rxd2+ 39. Nxd2 Ke6 40. a3 Kd5 41. Kf3 Nd4+ 42. Kf2 Nc2 43. Kf3 Nxa3 44. Ne4 Ke6 45. Nd6 Nc2 46. Nxb7 Nxb4 47. Ke4 Nd5 48. Na5 Ne7 49. Nb3 Nf5 50. Kf4 Kd5 51. Nd2 Kxc5 52. Ne4+ Kd4 53. Nxf6 a5 54. Nxh5 a4 55. g4 Nxh4 56. Ng3 Kd3 0-1